Εικονική μεταφορά του Μουσείου Φυσικής Ιστορίας Απολιθωμένου Δάσους Λέσβου : πτυχιακή εργασία

Αποθηκεύτηκε σε:
Λεπτομέρειες βιβλιογραφικής εγγραφής
Κύριος συγγραφέας: Τάλλης, Ιωάννης
Συγγραφή απο Οργανισμό/Αρχή: Πανεπιστήμιο Αιγαίου. Σχολή Κοινωνικών Επιστημών. Τμήμα Πολιτισμικής Τεχνολογίας και Επικοινωνίας
Άλλοι συγγραφείς: Παπαγεωργίου, Δημήτρης (Εισηγητής διατριβής)
Μορφή: Thesis Βιβλίο
Γλώσσα:Greek
Δημοσίευση: Μυτιλήνη : Πανεπιστήμιο Αιγαίου, Τμήμα Πολιτισμικής Τεχνολογίας και Επικοινωνίας, 2005
Θέματα:
Διαθέσιμο Online:http://hdl.handle.net/11610/10625
Ετικέτες: Προσθήκη ετικέτας
Δεν υπάρχουν, Καταχωρήστε ετικέτα πρώτοι!

MARC

LEADER 00000cam a2200000 i 4500
001 1/23621
008 060206s2005 gre d
035 |l 10082477 
040 |a GR-MY-UA  |b gre  |e aacr 
041 0 |a gre 
082 0 |a 069  |2 (22) 
100 1 |a Τάλλης, Ιωάννης. 
245 1 0 |a Εικονική μεταφορά του Μουσείου Φυσικής Ιστορίας Απολιθωμένου Δάσους Λέσβου :  |b πτυχιακή εργασία /  |c Γιάννης Ταλλής ; υπεύθυνος καθηγητής Παπαγεωργίου Δημήτρης 
260 |a Μυτιλήνη :   |b Πανεπιστήμιο Αιγαίου, Τμήμα Πολιτισμικής Τεχνολογίας και Επικοινωνίας,   |c 2005 
300 |a 57 σ.;  |b πιν.;  |c 30 εκ. 
502 |a Πτυχιακή εργασία – Πανεπιστήμιο Αιγαίου, Λέσβος, 2005. 
504 |a Βιβλιογραφία: 56-57 
650 0 0 |a Audio-visual education. 
650 0 0 |a Visual education. 
650 0 0 |a Media programs (Education) 
650 0 |a Museums  |z Greece  |z Lesbos (Municipality)  |x Audio-visual aids. 
650 0 0 |a Dissertations, Academic  |z Greece. 
700 1 |a Παπαγεωργίου, Δημήτρης.  |4 ths 
710 2 |a Πανεπιστήμιο Αιγαίου.   |b Σχολή Κοινωνικών Επιστημών.   |b Τμήμα Πολιτισμικής Τεχνολογίας και Επικοινωνίας. 
852 |a INST  |b LESVOS  |c DIATR  |e 20060206  |h 3  |p 005100034367  |q 005100034367  |t DIE  |y 23 
852 |a INST  |b LESVOS  |c DIATR  |e 20060206  |h 4  |p 005100034385  |q 005100034385  |t DIE  |y 23 
856 |u http://hdl.handle.net/11610/10625 
901 |a BIBL1-2006-1 
909 |a Λ  |b 115280 
909 |a Λ  |b 115281 
924 |a ΤΑΛΛΗΣ  |b ΓΙΑΝΝΗΣ  |y ΛΕΣΒΟΣ  |z 2004-10 
970 |a ΜΑΡΙΝΑΤΟΥ  |b ΜΥΡΣΙΝΗ  |z 2006/02/06